[Event "4th Al Ain Chess Classic"]
[Site "Al-Ain UAE"]
[Date "2015.12.28"]
[Round "7.21"]
[White "Anton Guijarro, David"]
[Black "Petrosyan, Tigran S."]
[Result "1/2-1/2"]
[WhiteTitle "GM"]
[BlackTitle "IM"]
[WhiteElo "2640"]
[BlackElo "2469"]
[WhiteFideId "2285525"]
[BlackFideId "13303678"]
[EventDate "2015.12.23"]

1. d4 d5 2. c4 e6 3. Nf3 Nf6 4. Nc3 Be7 5. Bf4 O-O 6. e3 Nbd7 7. c5 c6 8. h3 h6
9. a3 b6 10. b4 a5 11. Qc1 Bb7 12. Bd3 Qc8 13. O-O Ba6 14. Bxa6 Rxa6 15. Rb1
axb4 16. axb4 Qb7 17. Qb2 b5 18. Nd2 Rfa8 19. Nb3 Bd8 20. f3 Bc7 21. Bxc7 Qxc7
22. e4 Qf4 23. Qf2 dxe4 24. fxe4 Qxf2+ 25. Rxf2 Ra3 26. Rf3 Nb8 27. Na5 Nfd7 28.
e5 Nf8 29. Rbf1 Ng6 30. Ne4 Rxf3 31. Rxf3 Ra7 32. Nd6 Rc7 33. Ne8 Re7 34. Nd6
Rc7 35. Ne8 Re7 36. Nd6 1/2-1/2

[Event "4th Al Ain Chess Classic"]
[Site "Al-Ain UAE"]
[Date "2015.12.28"]
[Round "7.22"]
[White "Kravtsiv, Martyn"]
[Black "Das, Sayantan"]
[Result "1-0"]
[WhiteTitle "GM"]
[BlackTitle "IM"]
[WhiteElo "2623"]
[BlackElo "2411"]
[WhiteFideId "14113147"]
[BlackFideId "5034426"]
[EventDate "2015.12.23"]

1. e4 e6 2. d4 d5 3. Nc3 Bb4 4. exd5 exd5 5. Bd3 Nc6 6. a3 Bxc3+ 7. bxc3 Nge7 8.
Qh5 Be6 9. Nf3 Qd7 10. Ng5 O-O-O 11. O-O h6 12. Nxe6 fxe6 13. Re1 Rdf8 14. a4
Rf6 15. a5 Nf5 16. a6 b6 17. Re2 Nd6 18. Bg5 Rff8 19. Bd2 Rf6 20. Rae1 Rhf8 21.
Qh3 Nd8 22. g3 g5 23. f4 Rg8 24. fxg5 hxg5 25. Qg2 Qc6 26. Rf1 Rxf1+ 27. Qxf1
Nc4 28. Qe1 Kd7 29. Rf2 b5 30. Qe2 Kc8 31. Bxc4 dxc4 32. Qe5 g4 33. Bf4 Rf8 34.
Qg7 Rf7 35. Qxg4 Qxa6 36. Qf3 Qc6 37. Qxc6 Nxc6 38. h4 a5 39. h5 b4 40. h6 b3
41. Bc1 Nd8 42. cxb3 cxb3 43. Rh2 Rf3 44. h7 Nf7 45. Rf2 Rxf2 46. Kxf2 Kd7 47.
Ba3 e5 48. dxe5 Ke6 49. c4 Kxe5 50. Ke3 a4 51. Bb2+ Kd6 52. Kd3 Kc5 53. Kc3 Nh8
54. Ba3+ 1-0

[Event "4th Al Ain Chess Classic"]
[Site "Al-Ain UAE"]
[Date "2015.12.28"]
[Round "7.23"]
[White "Harutyunian, Tigran K."]
[Black "Iordachescu, Viorel"]
[Result "0-1"]
[WhiteTitle "IM"]
[BlackTitle "GM"]
[WhiteElo "2448"]
[BlackElo "2600"]
[WhiteFideId "13303635"]
[BlackFideId "13900200"]
[EventDate "2015.12.23"]

1. Nf3 Nf6 2. c4 g6 3. g3 Bg7 4. Bg2 O-O 5. Nc3 d6 6. d4 Nbd7 7. O-O e5 8. b3
Re8 9. e4 c6 10. Be3 h6 11. h3 exd4 12. Nxd4 Nc5 13. f3 Nh5 14. g4 Ng3 15. Re1
h5 16. Qd2 h4 17. Rad1 Ne6 18. f4 Nf8 19. Nde2 f5 20. Nxg3 hxg3 21. g5 Qa5 22.
Bd4 Bxd4+ 23. Qxd4 Ne6 24. Qe3 Nxf4 25. Qxg3 Nxg2 26. Kxg2 f4 27. Qf3 Qxg5+ 28.
Kh2 Qe5 29. Rg1 Kg7 30. Qg2 Re6 31. Rd3 Bd7 32. Qg5 Rh8 33. c5 f3+ 34. Qxe5+
Rxe5 35. Rxf3 dxc5 36. Rfg3 Rh6 37. Re3 Be6 38. Ne2 Rh4 39. Nc3 b5 40. Reg3 Rh6
41. Rc1 b4 42. Na4 c4 43. a3 cxb3 44. axb4 Rxe4 45. Nc5 Re2+ 46. Kg1 Bd5 47.
Nxb3 Rh4 48. Nc5 Rxb4 49. Nd3 Rd4 50. Ra1 Re7 51. Kf2 Bc4 52. Ne1 Rd2+ 53. Kg1
Kh6 54. Ng2 Bb5 55. Rg4 a6 56. Rc1 a5 57. h4 a4 58. Rc3 Rd6 59. Rcg3 Ra7 60. h5
a3 61. hxg6 Kg7 62. Ne3 a2 63. Nf5+ Kf6 64. Nxd6 a1=Q+ 65. Kh2 Ra2+ 66. Rg2 Qe5+
67. Kh3 Qh5+ 0-1

[Event "4th Al Ain Chess Classic"]
[Site "Al-Ain UAE"]
[Date "2015.12.28"]
[Round "7.24"]
[White "Kulaots, Kaido"]
[Black "Labib, Ibrahim Hasan"]
[Result "1-0"]
[WhiteTitle "GM"]
[BlackTitle "IM"]
[WhiteElo "2574"]
[BlackElo "2434"]
[WhiteFideId "4500261"]
[BlackFideId "10600426"]
[EventDate "2015.12.23"]

1. d4 Nf6 2. c4 e6 3. Nc3 Bb4 4. Nf3 b6 5. Bg5 Bb7 6. Nd2 h6 7. Bh4 Nc6 8. a3
Bxc3 9. bxc3 g5 10. Bg3 Ne7 11. f3 Nf5 12. Bf2 d5 13. e3 Qd7 14. Bd3 O-O-O 15.
O-O Rhg8 16. e4 Nh4 17. Kh1 Nh5 18. g3 f5 19. cxd5 exd5 20. exf5 g4 21. fxg4 Nf6
22. gxh4 Rxg4 23. Qf3 Rdg8 24. h3 R4g7 25. Rg1 Qc6 26. Rxg7 Rxg7 27. Rg1 Rxg1+
28. Kxg1 Qxc3 29. Qe3 Qxa3 30. Bb1 Qf8 31. Bg3 Kb8 32. Qe5 Qg7 33. Kh2 a5 34.
Qe6 Nd7 35. f6 Nxf6 36. Be5 Ka7 37. Qxf6 Qxf6 38. Bxf6 1-0

[Event "4th Al Ain Chess Classic"]
[Site "Al-Ain UAE"]
[Date "2015.12.28"]
[Round "7.25"]
[White "Babujian, Levon"]
[Black "Riff, Jean-Noel"]
[Result "1-0"]
[WhiteTitle "GM"]
[BlackTitle "GM"]
[WhiteElo "2465"]
[BlackElo "2507"]
[WhiteFideId "13301993"]
[BlackFideId "611190"]
[EventDate "2015.12.23"]

1. d4 Nf6 2. c4 e6 3. Nc3 Bb4 4. Nf3 c5 5. g3 Nc6 6. Bg2 Ne4 7. Bd2 Nxd2 8. Qxd2
cxd4 9. Nxd4 Qb6 10. Nc2 Be7 11. O-O O-O 12. Rfd1 Rd8 13. b3 d6 14. Ne3 Bd7 15.
Rac1 Rac8 16. h4 Be8 17. Bh3 Qa5 18. Rc2 Bf8 19. Ne4 b5 20. Rc3 Ne5 21. f4 d5
22. Nxd5 exd5 23. Bxc8 Rxc8 24. cxd5 Rxc3 25. Qxc3 Qb6+ 26. Qd4 Nd7 27. Qxb6
Nxb6 28. Ng5 f5 29. Kf2 Bd6 30. g4 fxg4 31. Kg3 Bg6 32. Kxg4 h6 33. Nf3 h5+ 34.
Kg3 Nd7 35. Ng5 Nf6 36. Kf3 Bf5 37. Rd2 Bg4+ 38. Kg3 Kf8 39. e3 Ke7 40. e4 Nxe4+
41. Nxe4 1-0

[Event "4th Al Ain Chess Classic"]
[Site "Al-Ain UAE"]
[Date "2015.12.28"]
[Round "7.26"]
[White "Deepan, Chakkravarthy J."]
[Black "Mu, Ke"]
[Result "1-0"]
[WhiteTitle "GM"]
[WhiteElo "2496"]
[BlackElo "2403"]
[WhiteFideId "5011132"]
[BlackFideId "8602778"]
[EventDate "2015.12.23"]

1. e4 e6 2. d4 d5 3. Bd3 Nc6 4. Nf3 Nb4 5. Nc3 Nf6 6. O-O Be7 7. Re1 O-O 8. Bf4
c5 9. exd5 exd5 10. dxc5 Bxc5 11. a3 Nxd3 12. Qxd3 h6 13. Be5 Be6 14. Bxf6 Qxf6
15. b4 Bb6 16. Nxd5 Bxd5 17. Qxd5 Qc3 18. Qd2 Rac8 19. Qxc3 Rxc3 20. Re2 Rfc8
21. Ra2 a5 22. Kf1 Ra8 23. bxa5 Bxa5 24. Re7 Bc7 25. h3 Kf8 26. Re3 Rxe3 27.
fxe3 Re8 28. Kf2 Bb6 29. Nd4 Bc5 30. a4 b6 31. c3 Re5 32. Ke2 h5 33. Kd3 g6 34.
Rb2 Kg7 35. Rb5 Kf6 36. e4 Re8 37. a5 Bxd4 38. cxd4 bxa5 39. Rxa5 Rb8 40. Ra6+
Ke7 41. Ra2 Ke6 42. e5 Rb1 43. Ra6+ Ke7 44. d5 Rb4 45. e6 fxe6 46. Rxe6+ Kf7 47.
Re4 Rb1 48. Kc4 Rc1+ 49. Kb5 Rc2 50. g4 hxg4 51. hxg4 Rb2+ 52. Kc6 Rc2+ 53. Kd7
Ra2 54. Rf4+ Kg7 55. d6 g5 56. Rf5 Kg6 57. Ke6 Ra6 58. Re5 1-0

[Event "4th Al Ain Chess Classic"]
[Site "Al-Ain UAE"]
[Date "2015.12.28"]
[Round "7.27"]
[White "Omar, Noaman"]
[Black "Mollah Abdullah, Al Rakib"]
[Result "1/2-1/2"]
[WhiteTitle "IM"]
[BlackTitle "GM"]
[WhiteElo "2403"]
[BlackElo "2472"]
[WhiteFideId "9300244"]
[BlackFideId "10200444"]
[EventDate "2015.12.23"]

1. d4 Nf6 2. c4 e6 3. Nf3 b6 4. a3 Bb7 5. Nc3 Ne4 6. Nxe4 Bxe4 7. e3 Be7 8. Bd3
Bxd3 9. Qxd3 O-O 10. O-O f5 11. e4 fxe4 12. Qxe4 Nc6 13. Be3 Bf6 14. Rad1 Qe8
15. b4 Ne7 16. Bf4 Qc8 17. Rfe1 Rf7 18. h3 c6 19. Bd6 Nf5 20. Bh2 Ne7 21. Bd6
Nf5 22. Bh2 Ne7 23. Bd6 Nf5 24. Bh2 Ne7 1/2-1/2

[Event "4th Al Ain Chess Classic"]
[Site "Al-Ain UAE"]
[Date "2015.12.28"]
[Round "7.28"]
[White "Anurag, Mhamal"]
[Black "Sengupta, Deep"]
[Result "0-1"]
[WhiteTitle "IM"]
[BlackTitle "GM"]
[WhiteElo "2390"]
[BlackElo "2563"]
[WhiteFideId "5024366"]
[BlackFideId "5008352"]
[EventDate "2015.12.23"]

1. b3 e5 2. Bb2 Nc6 3. e3 g6 4. Nf3 Bg7 5. d4 e4 6. Nfd2 f5 7. c4 d6 8. Nc3 Nf6
9. b4 O-O 10. b5 Ne7 11. Be2 Kh8 12. a4 Be6 13. Nb3 Bg8 14. Qc2 d5 15. c5 g5 16.
h4 gxh4 17. Rxh4 Ng6 18. Rh1 f4 19. c6 bxc6 20. Ba3 fxe3 21. fxe3 Ne7 22. g4
cxb5 23. axb5 Ne8 24. Rh2 Rf6 25. Kd2 Rh6 26. Rah1 Rxh2 27. Rxh2 Nd6 28. Nc5
Nec8 29. N3a4 Nb6 30. Nb2 Rc8 31. Qc3 c6 32. bxc6 Rxc6 33. Kd1 Qc8 34. Qe1 Nb7
35. Ba6 Qxg4+ 36. Be2 Qg5 37. Nxb7 Qxe3 38. Bc5 Qb3+ 39. Kc1 Nd7 0-1

[Event "4th Al Ain Chess Classic"]
[Site "Al-Ain UAE"]
[Date "2015.12.28"]
[Round "7.29"]
[White "Debashis, Das"]
[Black "Mammadova, Gulnar"]
[Result "1/2-1/2"]
[WhiteTitle "GM"]
[BlackTitle "WGM"]
[WhiteElo "2505"]
[BlackElo "2323"]
[WhiteFideId "5024854"]
[BlackFideId "13403508"]
[EventDate "2015.12.23"]

1. e4 e6 2. d4 d5 3. Nd2 Nc6 4. Ngf3 Nf6 5. e5 Nd7 6. Bd3 Nb4 7. Be2 c5 8. c3
Nc6 9. O-O cxd4 10. cxd4 f6 11. exf6 Nxf6 12. b3 Bd6 13. Bb2 Qb6 14. a3 a5 15.
Re1 O-O 16. Bd3 Bd7 17. Nf1 Rae8 18. Ng3 Re7 19. Ra2 Bf4 20. Ba1 Be8 21. Rae2
Nd8 22. a4 Rc7 23. Bc2 Qd6 24. Ne5 Bh6 25. Bb2 b5 26. axb5 Bxb5 27. Bd3 Qb4 28.
Bxb5 Qxb5 29. Nd3 Nd7 30. Ba3 Rc3 31. Nc5 Nxc5 32. Bxc5 Rf7 33. Rb2 1/2-1/2

[Event "4th Al Ain Chess Classic"]
[Site "Al-Ain UAE"]
[Date "2015.12.28"]
[Round "7.30"]
[White "Hayrapetyan, Hovik"]
[Black "Aradhya, Garg"]
[Result "1-0"]
[WhiteTitle "GM"]
[WhiteElo "2489"]
[BlackElo "2316"]
[WhiteFideId "13302639"]
[BlackFideId "25006746"]
[EventDate "2015.12.23"]

1. c4 c6 2. Nf3 d5 3. e3 Nf6 4. b3 Bf5 5. Be2 Nbd7 6. Bb2 h6 7. O-O e6 8. Nc3
Bd6 9. d3 Qb8 10. h3 O-O 11. Rc1 Re8 12. Re1 a6 13. Bf1 e5 14. cxd5 cxd5 15. e4
Be6 16. exd5 Nxd5 17. d4 Nxc3 18. Bxc3 Ba3 19. Ra1 Qc7 20. Qd2 Rad8 21. dxe5 Nb6
22. Nd4 Bc8 23. Bb2 Bxb2 24. Qxb2 Rxe5 25. Rac1 Qd6 26. Nf3 Rxe1 27. Rxe1 Be6
28. g3 Qd5 29. Bg2 Bxh3 30. Bxh3 Qxf3 31. Bg2 Qg4 32. Bxb7 Qb4 33. Qe2 a5 34.
Qe7 Qxe7 35. Rxe7 Rd2 36. a4 Rb2 37. Re5 Rxb3 38. Rxa5 Rb4 39. Bc6 h5 40. Ra7 h4
41. Rb7 hxg3 42. a5 gxf2+ 43. Kxf2 Rb2+ 44. Ke1 Na4 45. Rxb2 Nxb2 46. Bb5 1-0

[Event "4th Al Ain Chess Classic"]
[Site "Al-Ain UAE"]
[Date "2015.12.28"]
[Round "7.31"]
[White "Swayams, Mishra"]
[Black "Pirverdiyev, Agil"]
[Result "1/2-1/2"]
[WhiteTitle "IM"]
[WhiteElo "2477"]
[BlackElo "2311"]
[WhiteFideId "5028183"]
[BlackFideId "13400568"]
[EventDate "2015.12.23"]

1. d4 Nf6 2. Nf3 e6 3. c4 b6 4. a3 Bb7 5. Nc3 d5 6. cxd5 Nxd5 7. Qc2 Nxc3 8.
bxc3 Be7 9. e4 O-O 10. Bd3 c5 11. O-O Nc6 12. Bb2 Rc8 13. Qe2 Rc7 14. Rad1 Na5
15. Ne5 Nc6 16. Nf3 Na5 17. Kh1 Qc8 18. Nd2 f5 19. f3 c4 20. Bc2 e5 21. Nb1 f4
22. dxe5 Qe6 23. g3 g5 24. Rg1 Kh8 25. gxf4 gxf4 26. a4 Qxe5 27. Na3 a6 28. Bb1
b5 29. axb5 axb5 30. Nc2 Rcc8 31. Nd4 1/2-1/2

[Event "4th Al Ain Chess Classic"]
[Site "Al-Ain UAE"]
[Date "2015.12.28"]
[Round "7.32"]
[White "Iniyan, P"]
[Black "Azaladze, Shota"]
[Result "0-1"]
[BlackTitle "IM"]
[WhiteElo "2275"]
[BlackElo "2468"]
[WhiteFideId "25002767"]
[BlackFideId "13603027"]
[EventDate "2015.12.23"]

1. e4 g6 2. d4 Bg7 3. f4 c5 4. d5 d6 5. Nf3 Nf6 6. Nc3 O-O 7. Bc4 b5 8. Nxb5
Nxe4 9. O-O a6 10. Na3 Nd7 11. Bd3 f5 12. c3 Ndf6 13. Nc4 Kh8 14. Ne3 e6 15.
dxe6 Bxe6 16. c4 Re8 17. Qc2 Qb6 18. Rb1 Bg8 19. b3 Ra7 20. Bb2 d5 21. Kh1 d4
22. Nd1 Ng4 23. g3 a5 24. Kg2 Rae7 25. h3 Ngf6 26. Nf2 Qb7 27. Nh1 Nh5 28. Bc1
Be6 29. Bd2 Nxd2 30. Qxd2 Bd7 31. Rbe1 Re3 32. Be2 Bc6 33. Bd1 Qa8 34. a3 Nf6 0-1

[Event "4th Al Ain Chess Classic"]
[Site "Al-Ain UAE"]
[Date "2015.12.28"]
[Round "7.33"]
[White "Nitish, Belurkar"]
[Black "Mammadov, Zaur"]
[Result "0-1"]
[WhiteTitle "CM"]
[BlackTitle "GM"]
[WhiteElo "2304"]
[BlackElo "2467"]
[WhiteFideId "5084768"]
[BlackFideId "13401033"]
[EventDate "2015.12.23"]

1. e4 c6 2. c4 d5 3. exd5 cxd5 4. cxd5 Qxd5 5. d4 Nf6 6. Nc3 Qd8 7. Nf3 e6 8.
Bd3 Be7 9. O-O Nc6 10. a3 O-O 11. Be3 b6 12. Rc1 Bb7 13. Qe2 Rc8 14. Rfd1 Qd6
15. Ng5 Na5 16. b4 Nb3 17. Rc2 a5 18. Nb5 Qd5 19. f3 Qd7 20. Rb1 a4 21. Rd1 Rxc2
22. Qxc2 Rc8 23. Bxh7+ Kf8 24. Qe2 Nxh7 25. Nxh7+ Kg8 26. Ng5 Bxg5 27. Bxg5 Ba6 0-1

[Event "4th Al Ain Chess Classic"]
[Site "Al-Ain UAE"]
[Date "2015.12.28"]
[Round "7.34"]
[White "Mammadova, Narmin"]
[Black "Petrosyan, Manuel"]
[Result "0-1"]
[WhiteTitle "WCM"]
[BlackTitle "IM"]
[WhiteElo "2167"]
[BlackElo "2466"]
[WhiteFideId "13403710"]
[BlackFideId "13300857"]
[EventDate "2015.12.23"]

1. e4 c6 2. c4 d5 3. exd5 cxd5 4. cxd5 Nf6 5. Bb5+ Nbd7 6. Nc3 a6 7. Be2 Nb6 8.
Qb3 Nbxd5 9. Nxd5 Nxd5 10. Bf3 e6 11. Ne2 Bd6 12. O-O O-O 13. d4 Qc7 14. h3 Bd7
15. Nc3 Nxc3 16. bxc3 Bb5 17. Re1 Rab8 18. Ba3 Bxa3 19. Qxa3 Rfd8 20. Rab1 Rbc8
21. Re3 Bc6 22. Bxc6 Qxc6 23. Qa5 Rd5 24. Qb6 Qxb6 25. Rxb6 Rc7 26. Re5 Rxe5 27.
dxe5 g5 28. g3 Kg7 29. Kg2 Rxc3 30. Rxb7 Rc2 31. a3 Rc3 32. Rb4 Rxa3 33. Rg4 h6
34. h4 f6 35. exf6+ Kxf6 36. h5 Rc3 37. Ra4 Rc6 38. Ra5 g4 39. Ra4 Kf5 40. Ra5+
e5 41. f4 gxf3+ 42. Kxf3 Re6 43. g4+ Kf6 44. Kf2 Rd6 45. Kf3 Rc6 46. Kg3 Rb6 47.
Kf3 Re6 48. Kf2 Ke7 49. Ke3 Rb6 50. Ke4 Kf6 51. Kf3 Kg5 52. Rxe5+ Kh4 53. Ra5
Rf6+ 54. Kg2 Kxg4 55. Rc5 Kf4 56. Kf2 Rf5 57. Rc6 a5 58. Rc4+ Kg5+ 59. Kg3 Kxh5
60. Rc8 Kg5 61. Rg8+ Kf6 62. Rh8 h5 63. Ra8 Ke6 64. Kh4 Kd6 65. Ra6+ Kc7 66. Rh6
Kb7 67. Re6 a4 68. Re4 Ra5 69. Re7+ Kc6 70. Re6+ Kd5 71. Rg6 Kc4 72. Rc6+ Kb4 0-1

[Event "4th Al Ain Chess Classic"]
[Site "Al-Ain UAE"]
[Date "2015.12.28"]
[Round "7.35"]
[White "Sindarov, Javokhir"]
[Black "Hossain, Enamul"]
[Result "1-0"]
[WhiteTitle "CM"]
[BlackTitle "GM"]
[WhiteElo "2224"]
[BlackElo "2450"]
[WhiteFideId "14205483"]
[BlackFideId "10200649"]
[EventDate "2015.12.23"]

1. e4 g6 2. d4 Bg7 3. Nc3 d6 4. Be3 c6 5. Qd2 b5 6. f3 a6 7. O-O-O Nd7 8. h4 h5
9. Nh3 Nb6 10. Nf4 b4 11. Nb1 a5 12. Be2 Nf6 13. c4 bxc3 14. Nxc3 Nfd7 15. g4 e5
16. dxe5 dxe5 17. Ng2 Qe7 18. Qc2 Ba6 19. gxh5 gxh5 20. Bxa6 Rxa6 21. Kb1 Bh6
22. Bxh6 Rxh6 23. Ne3 Qc5 24. Qd3 Ra7 25. Nf5 Rg6 26. Rc1 Qb4 27. Rhd1 a4 28. a3
Qb3 29. Ne2 Qxd3+ 30. Rxd3 c5 31. Neg3 c4 32. Rd2 Nc5 33. Nxh5 Ra8 34. Rd6 Rb8
35. Nf6+ Kf8 36. Rcd1 Nd3 37. Ka1 Rxf6 38. Rxf6 Nd7 39. Rh6 1-0

[Event "4th Al Ain Chess Classic"]
[Site "Al-Ain UAE"]
[Date "2015.12.28"]
[Round "7.36"]
[White "Baghdasaryan, Vahe"]
[Black "Hojjatova, Aydan"]
[Result "1-0"]
[WhiteTitle "IM"]
[BlackTitle "WFM"]
[WhiteElo "2432"]
[BlackElo "2288"]
[WhiteFideId "13303139"]
[BlackFideId "13401491"]
[EventDate "2015.12.23"]

1. e4 e6 2. d4 d5 3. Nc3 Nc6 4. exd5 exd5 5. h3 Bf5 6. Bb5 a6 7. Bxc6+ bxc6 8.
Nf3 Bd6 9. O-O Ne7 10. Na4 O-O 11. Nc5 Qc8 12. a4 Ng6 13. Ra3 f6 14. Re1 Be4 15.
Nd2 Re8 16. Ndxe4 dxe4 17. Qe2 Bxc5 18. dxc5 Qe6 19. f3 Qd5 20. fxe4 Qxc5+ 21.
Be3 Qd6 22. Bf2 Re5 23. Rc3 1-0

[Event "4th Al Ain Chess Classic"]
[Site "Al-Ain UAE"]
[Date "2015.12.28"]
[Round "7.37"]
[White "Hesham, Abdelrahman"]
[Black "Mkrtchyan, Sargis R."]
[Result "1-0"]
[WhiteTitle "IM"]
[WhiteElo "2398"]
[BlackElo "2236"]
[WhiteFideId "10600183"]
[BlackFideId "13307878"]
[EventDate "2015.12.23"]

1. d4 Nf6 2. c4 g6 3. f3 e5 4. d5 Nh5 5. g3 Bc5 6. Nc3 O-O 7. Bh6 Ng7 8. Qd2 a5
9. Nh3 d6 10. Ng5 Na6 11. h4 Nf5 12. Nge4 Bd4 13. h5 Nxh6 14. Qxh6 Qe7 15. hxg6
fxg6 16. g4 Nc5 17. O-O-O Nxe4 18. Nxe4 Rf4 19. Rxd4 Bxg4 20. Rd2 Raf8 21. Ng5
Rxc4+ 22. Kb1 e4 23. Nxh7 e3 24. Nf6+ Kf7 25. Nxg4 exd2 26. Qxd2 Ke8 27. Qd3
Rcf4 28. Qxg6+ Kd8 29. Qd3 Qg7 30. a3 Rd4 31. Qc2 Rxd5 32. Rh7 Rd1+ 33. Ka2 Qg8+
34. b3 Rc1 35. Qxc1 Qxh7 36. Nf2 a4 37. bxa4 Qf7+ 38. Kb2 Qg7+ 39. Kb1 Qd4 40.
Qg5+ Kc8 41. Qg4+ Qxg4 42. Nxg4 Rf4 43. a5 d5 44. a6 bxa6 45. Ne5 Kb7 46. Bh3
Kb6 47. Bg4 Ka5 48. e3 Rf6 49. Bd7 Kb6 50. Bg4 Rh6 51. f4 Kc5 52. f5 d4 53. f6
Kd5 54. f7 Rf6 55. exd4 c5 56. Bh5 Kd6 57. Nf3 Ke7 58. d5 Rf5 59. d6+ Kxd6 60.
Ng5 Kd5 61. Nh7 Kc4 62. f8=Q Rxf8 63. Nxf8 Kb3 64. Nd7 Kxa3 65. Nxc5 Kb4 66. Ne4
a5 67. Bf7 a4 68. Kc2 a3 69. Ba2 Kb5 70. Kc3 Kc6 71. Kb4 Kd7 72. Kxa3 Ke7 73.
Kb4 Kf8 74. Kc5 Ke7 75. Kc6 Ke8 76. Kd6 Kf8 77. Be6 Kg7 78. Ke7 Kh8 79. Kf6 Kh7
80. Bf7 Kh8 81. Nd6 Kh7 82. Nf5 Kh8 83. Ne7 Kh7 84. Ng6 Kh6 85. Bg8 Kh5 86. Ne5
Kh6 87. Ng4+ Kh5 88. Kf5 Kh4 89. Kf4 Kh5 90. Bf7+ Kh4 91. Bg6 Kh3 92. Ne3 Kh4
93. Ng2+ Kh3 94. Kf3 Kh2 95. Kf2 Kh3 96. Bf5+ Kh2 97. Bg4 Kh1 98. Ne3 1-0

[Event "4th Al Ain Chess Classic"]
[Site "Al-Ain UAE"]
[Date "2015.12.28"]
[Round "7.38"]
[White "Morchiashvili, Bachana"]
[Black "San Juan, Dennis"]
[Result "1-0"]
[WhiteTitle "IM"]
[WhiteElo "2326"]
[BlackElo "2101"]
[WhiteFideId "13602535"]
[BlackFideId "5207533"]
[EventDate "2015.12.23"]

1. d4 Nf6 2. c4 e6 3. Nf3 b6 4. e3 Bb7 5. Bd3 Be7 6. O-O O-O 7. Nc3 d6 8. e4
Nbd7 9. Re1 e5 10. Bf1 c6 11. Rb1 a5 12. a3 Qc7 13. b4 axb4 14. axb4 Rfe8 15.
Qb3 Bf8 16. d5 g6 17. Be3 Nh5 18. Rec1 Reb8 19. dxc6 Bxc6 20. Nd5 Qd8 21. Ra1 h6
22. g3 Nhf6 23. Nd2 Ng4 24. Bh3 Ndf6 25. Rxa8 Bxa8 26. b5 Nxe3 27. Qxe3 Kh7 28.
Rc3 h5 29. Qf3 Bg7 30. Ra3 Bxd5 31. cxd5 Ra8 32. Ra6 Rb8 33. Ra7 Kg8 34. Nc4 Ra8
35. Rxa8 Qxa8 36. Nxd6 Qa1+ 37. Kg2 Qb1 38. Nc8 Qxb5 39. d6 Nd7 40. Ne7+ Kf8 41.
Nxg6+ Ke8 42. Qxh5 Qc5 43. Qh7 Qxd6 44. Qxg7 Qxg6 45. Bxd7+ Kxd7 46. Qxg6 fxg6
47. Kf3 g5 48. Ke3 Kd6 49. h3 1-0

[Event "4th Al Ain Chess Classic"]
[Site "Al-Ain UAE"]
[Date "2015.12.28"]
[Round "7.39"]
[White "Mohannad, Farhan"]
[Black "Prathamesh, Sunil Mokal"]
[Result "1/2-1/2"]
[WhiteTitle "FM"]
[BlackTitle "IM"]
[WhiteElo "2253"]
[BlackElo "2393"]
[WhiteFideId "8100918"]
[BlackFideId "5006040"]
[EventDate "2015.12.23"]

1. e4 c5 2. c3 Nf6 3. e5 Nd5 4. d4 cxd4 5. cxd4 e6 6. Nf3 d6 7. Bc4 Nc6 8. Bd2
Be7 9. Nc3 Nxc3 10. Bxc3 d5 11. Bd3 a6 12. h4 b5 13. a3 h6 14. Rh3 Qb6 15. Rg3
Bf8 16. Qe2 Rb8 17. Kf1 a5 18. b4 axb4 19. axb4 Bxb4 20. Bxb4 Nxb4 21. Rxg7 Nxd3
22. Qxd3 b4 23. Kg1 b3 24. Nd2 b2 25. Rb1 Bd7 26. Qc3 Qb4 27. Rg3 Ba4 28. Nb3
Qxc3 29. Rxc3 Rxb3 30. Rxb3 Bxb3 31. Rxb2 O-O 32. Rxb3 Ra8 33. Rg3+ Kf8 34. Rf3
Ra4 35. Rf4 Kg7 36. Kh2 Ra3 37. Rg4+ Kf8 38. Rg3 Ra2 39. Rf3 Rd2 40. Rf4 Rd3 1/2-1/2

[Event "4th Al Ain Chess Classic"]
[Site "Al-Ain UAE"]
[Date "2015.12.28"]
[Round "7.40"]
[White "Kokol, Peter"]
[Black "Ashwath, R."]
[Result "1-0"]
[WhiteTitle "FM"]
[WhiteElo "2363"]
[BlackElo "2252"]
[WhiteFideId "14604523"]
[BlackFideId "5021049"]
[EventDate "2015.12.23"]

1. b3 d5 2. Bb2 Nf6 3. e3 c5 4. f4 g6 5. Bb5+ Bd7 6. Qe2 Bg7 7. Nf3 O-O 8. Bxd7
Qxd7 9. O-O Qc7 10. d3 Nc6 11. Nbd2 d4 12. e4 Ng4 13. g3 Ne3 14. Rfc1 e5 15.
fxe5 Nxe5 16. c3 Nxf3+ 17. Nxf3 Qd7 18. cxd4 cxd4 19. e5 Rfd8 20. Re1 h5 21.
Rac1 Qd5 22. Bxd4 Nf5 23. Bf2 Qxd3 24. Rc7 Qxe2 25. Rxe2 b6 26. Ng5 Rf8 27. Rd7
f6 28. exf6 Bxf6 29. Nh7 Rf7 30. Nxf6+ Rxf6 31. Rc2 a6 32. Rcc7 Raf8 33. Bd4
R6f7 34. Bxb6 Rxd7 35. Rxd7 Rc8 36. Rd8+ Rxd8 37. Bxd8 Kf7 38. Kf2 Ke6 39. Bb6
Ne7 40. Be3 Nd5 41. Bd2 Kf5 42. a4 Ke4 43. Ke2 Nb6 44. Be3 Nd5 45. Bc5 g5 46.
Kd2 g4 47. b4 Nc7 48. Bd6 Ne8 49. Bb8 Nf6 50. Kc3 Nd5+ 51. Kb3 Nb6 52. b5 axb5
53. a5 Nc4 54. Kb4 Nxa5 55. Kxa5 Kf3 56. Bc7 Kg2 57. Bd8 1-0

[Event "4th Al Ain Chess Classic"]
[Site "Al-Ain UAE"]
[Date "2015.12.28"]
[Round "7.41"]
[White "Yogit, S"]
[Black "Mammadzada, Gunay"]
[Result "0-1"]
[BlackTitle "WGM"]
[WhiteElo "2239"]
[BlackElo "2341"]
[WhiteFideId "5009332"]
[BlackFideId "13403729"]
[EventDate "2015.12.23"]

1. e4 c5 2. Nf3 d6 3. d4 cxd4 4. Nxd4 Nf6 5. Nc3 a6 6. Be2 e5 7. Nb3 Be7 8. O-O
O-O 9. Kh1 Nc6 10. f3 a5 11. Be3 Be6 12. Nd5 a4 13. Nc1 Bxd5 14. exd5 Nb4 15. c4
Nh5 16. a3 Na6 17. Qxa4 f5 18. Qc2 f4 19. Bf2 Bh4 20. Bd3 Kh8 21. Ne2 Bxf2 22.
Rxf2 Rf6 23. Rc1 Nc5 24. Bf5 Qb6 25. Bg4 Rh6 26. Bxh5 Rxh5 27. Rff1 Nb3 28. Rcd1
Rf8 29. Rd3 Nc5 30. Rc3 Qd8 31. b4 Nd7 32. h3 b6 33. Rd3 Qc8 34. Rc3 Rf6 35. Ng1
Rg6 36. Rf2 Rhg5 37. Qa4 h6 38. Qc6 Qd8 39. a4 Nf6 40. Ne2 Nh5 41. a5 bxa5 42.
b5 Ng3+ 43. Nxg3 Rxg3 44. b6 Kh7 45. b7 Qg5 46. Rcc2 Rxh3+ 47. Kg1 Qh4 48. Kf1
Rxg2 49. Rxg2 Rxf3+ 50. Rcf2 Qh1+ 51. Rg1 Qh3+ 52. Rg2 Rc3 53. Kg1 Rc1+ 54. Rf1
Rxf1+ 55. Kxf1 f3 56. Ke1 Qxg2 57. Kd1 Qe2+ 58. Kc1 f2 0-1